Wszystkie miejscowości, do których jadą rzeszowskie autobusy MPK - Statystyki

Ogólne statystyki
  • Ten quiz został rozwiązany 55 razy
  • Średni wynik to 17 z 26
Statystyki odpowiedzi
................ Miejscowość % Poprawnych
Miasto Boguchwała
98%
Miasto Tyczyn
90%
Wieś Jasionka
88%
Wieś Krasne
88%
Wieś Lutoryż
80%
Wieś Świlcza
78%
Wieś Hermanowa
70%
Wieś Malawa
70%
Wieś Trzebownisko
70%
Miasto Głogów Małopolski
68%
Wieś Rudna Wielka
68%
Wieś Albigowa
65%
Wieś Kielanówka
65%
Wieś Zaczernie
65%
Wieś Bratkowice
63%
Wieś Trzciana
63%
Wieś Rudna Mała
60%
Wieś Mrowla
55%
Wieś Mogielnica
53%
Wieś Nowa Wieś
53%
Wieś Racławówka
53%
Wieś Siedliska
53%
Wieś Kielnarowa
50%
Wieś Kraczkowa
45%
Wieś Tajęcina
38%
Wieś Wysoka
18%
Nie znaleziono quizów pasujących do podanych kryteriów
Rozkład punktacji
Procent ludzi z każdym wynikiem
Percentyl według liczby udzielonych odpowiedzi
Twoja historia wyników
Nie rozwiązałeś tego quizu